| LEADER | 00781nam a2200169 4500 | ||
|---|---|---|---|
| 999 | |c 15832 |d 15832 | ||
| 082 | |a 398.357 |b TR120NG | ||
| 100 | |a Trần Nguyễn Khánh Phong | ||
| 245 | |a Tìm hiểu nhạc cụ của người Tà Ôi |c Trần Nguyễn Khánh Phong | ||
| 260 | |a H. |b Hội nhà văn |c 2018 | ||
| 300 | |a 172tr. |c 21cm. | ||
| 500 | |a Đầu trang tên sách ghi: Liên hiệp các hội văn học nghệ thuật Việt Nam. Hội Văn học nghệ thuật các dân tộc thiểu số Việt Nam | ||
| 520 | |a .... | ||
| 653 | |a Văn hóa dân gian |a Người Tà Ôi |a Nhạc cụ |a Việt Nam | ||
| 856 | |u . | ||
| 942 | |2 ddc |c SH | ||
| 952 | |0 0 |1 0 |2 ddc |4 0 |6 398_357000000000000_TR120NG |7 0 |8 300 |9 118013 |a qbu |b qbu |c D2 |d 2020-05-21 |g 35000 |o 398.357 TR120NG |p 12951.c1 |r 2020-05-21 |w 2020-05-21 |y SH | ||